| Tag |
First Indicator |
Second Indicator |
Subfields |
| LEADER |
00000cam a2200000Ii 4500 |
| 001 |
in00003996313 |
| 005 |
20200701134327.0 |
| 006 |
m o d |
| 007 |
cr ||||||||||| |
| 008 |
180613s2019 nyu ob 001 0 eng |
| 010 |
|
|
|a 2018028720
|
| 020 |
|
|
|a 9781351015752
|q (electronic bk.)
|
| 020 |
|
|
|a 1351015753
|q (electronic bk.)
|
| 020 |
|
|
|z 9781138498730
|q (hardback ;
|q alk. paper)
|
| 020 |
|
|
|z 1138498734
|
| 020 |
|
|
|z 9781351015738
|
| 020 |
|
|
|z 1351015737
|
| 024 |
8 |
|
|a 40028663036
|
| 035 |
|
|
|a (DLC)ybp15787761
|
| 040 |
|
|
|a NhCcYBP
|c NhCcYBP
|d UtOrBLW
|
| 050 |
|
4 |
|a TS155
|b .P67 2019
|
| 072 |
|
7 |
|a BUS
|x 082000
|2 bisacsh
|
| 072 |
|
7 |
|a BUS
|x 041000
|2 bisacsh
|
| 072 |
|
7 |
|a BUS
|x 042000
|2 bisacsh
|
| 072 |
|
7 |
|a BUS
|x 085000
|2 bisacsh
|
| 082 |
0 |
0 |
|a 658.5
|2 23
|
| 100 |
1 |
|
|a Posteuca, Alin,
|e author.
|0 http://id.loc.gov/authorities/names/n2016065485
|
| 245 |
1 |
0 |
|a Manufacturing cost policy deployment (MCPD) profitability scenarios :
|b systematic and systemic improvement of manufacturing costs /
|c Alin Posteuca.
|
| 264 |
|
1 |
|a New York, NY :
|b Routledge,
|c 2019.
|
| 300 |
|
|
|a 1 online resource.
|
| 336 |
|
|
|a text
|b txt
|2 rdacontent
|
| 337 |
|
|
|a computer
|b n
|2 rdamedia
|
| 338 |
|
|
|a online resource
|b cr
|2 rdacarrier
|
| 504 |
|
|
|a Includes bibliographical references and index.
|
| 588 |
0 |
|
|a Online resource; title from PDF title page (EBSCO, viewed November 5, 2018)
|
| 500 |
|
|
|a Electronic resource.
|
| 650 |
|
0 |
|a Production management.
|0 http://id.loc.gov/authorities/subjects/sh85107216
|
| 650 |
|
0 |
|a Industrial productivity.
|0 http://id.loc.gov/authorities/subjects/sh85065915
|
| 650 |
|
0 |
|a Costs, Industrial.
|0 http://id.loc.gov/authorities/subjects/sh85033235
|
| 655 |
|
7 |
|a Electronic books.
|2 local
|
| 710 |
2 |
|
|a Taylor & Francis.
|0 http://id.loc.gov/authorities/names/n84073022
|
| 856 |
4 |
0 |
|u http://proxy.library.tamu.edu/login?url=https://www.taylorfrancis.com/books/9781351015752
|z Connect to the full text of this electronic book
|t 0
|
| 945 |
|
|
|a machinegen
|
| 955 |
|
|
|a YBP purchased approval e-records
|
| 980 |
|
|
|b 66.00
|g 1
|
| 999 |
f |
f |
|s 89174236-e01d-3b75-9fe8-3abc8b3cdef5
|i 4e73ec66-79c5-3b03-b1e4-ae9b5c001898
|t 0
|
| 952 |
f |
f |
|a Texas A&M University
|b College Station
|c Electronic Resources
|d Available Online
|t 0
|e TS155 .P67 2019
|h Library of Congress classification
|
| 998 |
f |
f |
|a TS155 .P67 2019
|t 0
|l Available Online
|